ASOIAF - Targaryen Nicknames - Statistics

General Stats
  • This quiz has been taken 406 times
  • The average score is 25 of 37
Answer Stats
Targaryen Nickname % Correct
Aegon I The ConquerorThe Dragon
98%
Maegor I The Cruel
95%
Daenerys StormbornMhysa The Breaker of Chains The Mother of Dragons
91%
Aerys II The Mad KingKing Scab
91%
Aegon V EggThe Unlikely
89%
Daeron II The Good
89%
Daenys The Dreamer
86%
Jaehaerys I The WiseThe Conciliator The Old King
85%
Aegon IV The Unworthy
83%
Aemond The One-EyeThe Kinslayer
81%
Baelor I The BlessedThe Beloved
80%
Aerion The MonstrousThe Brightflame
79%
Aegon III The YoungerThe Unlucky The Unhappy The Broken King The Dragonbane
78%
Viserys The Beggar King
76%
Rhaenyra The Realm's DelightThe Half-Year Queen
76%
Baelor(Son of Daeron II) The Breakspear
74%
Alysanne The Good Queen
74%
Rhaenys(Daughter of Aemon) The Queen Who Never Was
72%
Aemon The Dragonknight
68%
Daeron(Son of Maekar I) The Drunken
68%
Daemon The Rogue Prince
67%
Duncan The SmallThe Prince of Dragonflies
63%
Aenar The Exile
61%
Baelon The Spring PrinceThe Brave
59%
Valarr The Young Prince
58%
Daeron The Daring
57%
Rhaegar The Silver PrinceThe Last Dragon
57%
Aegon(Son of Aenys I) The Uncrowned
56%
Daeron I The Young Dragon
53%
Daena The Defiant
50%
Matarys The Even Younger Prince
46%
Aegon II The Elder
42%
Gaemon The Glorious
42%
Gael The Winter Child
41%
Viserys I The Young King
40%
Vaegon The Dragonless
37%
Rhaena The Queen in the WestThe Queen in the East
31%
No matching quizzes found
Score Distribution
Percent of People with Each Score
Percentile by Number Answered
Your Score History
You have not taken this quiz